00994cam a2200253 a 450000100070000000500170000700800410002402000270006502000340009202000320012602000390015805000170019708200170021424501200023126000550035130000320040665000560043865000600049465000540055465000440060865000320065270000210068470000350070565498020260422111736.0941212s1995 dcua b 001 0 eng  a0815749104qalk. paper a0815749090qpbk. : alk. paper a9780815749103q(alk. paper) a9780815749097q(pbk. : alk. paper)00aJK469 b199500a353.07/522000aInside the reinvention machine :bappraising governmental reform /cDonald F. Kettl, John J. DiIulio, Jr., editors. aWashington, D.C. :bBrookings Institution,cc1995. ax, 205 p. :bill. ;c24 cm. 0aAdministrative agencieszUnited StatesxManagement. 0aAdministrative agencieszUnited StatesxReorganization. 0aExecutive departmentszUnited StatesxManagement. 0aGovernment productivityzUnited States. 0aBureaucracyzUnited States.1 aKettl, Donald F.1 aDiIulio, John J.,cJr.,d1958-